El Clamor por la tierra: carta pastoral colectiva
محفوظ في:
| مؤلف مشترك: | |
|---|---|
| التنسيق: | نص |
| منشور في: |
Guatemala:
ENFOPRENSA
|
| الوسوم: |
إضافة وسم
لا توجد وسوم, كن أول من يضع وسما على هذه التسجيلة!
|
MARC
| LEADER | 00000 a a2200000 04500 | ||
|---|---|---|---|
| 001 | 23733 | ||
| 003 | |||
| 040 | |||
| 090 | |a 167200 | ||
| 110 | |a Episcopado Guatemalteco | ||
| 245 | |a El Clamor por la tierra: carta pastoral colectiva | ||
| 260 | |a Guatemala: |b ENFOPRENSA | ||
| 300 | |a 28 p.; 3 copias | ||
| 999 | |c 14208 |d 14208 | ||
